[Event "Clash of Blames WCE 2024"]
[Site "London"]
[Date "2024.08.20"]
[Round "24"]
[White "Martinez Alcantara, Jose Eduardo"]
[Black "Kramnik, Vladimir"]
[Result "1-0"]
[WhiteElo "2612"]
[BlackElo "2753"]
[Annotator "TA"]
[PlyCount "149"]
[EventDate "2024.08.25"]
[EventType "match"]
[EventRounds "36"]
[EventCountry "ENG"]
[SourceTitle "playchess.com"]
[Source "ChessBase"]
[SourceQuality "1"]

{[%evp 11,149,2,-2,-17,-11,-13,-10,-30,-32,-24,-22,-6,-22,-14,8,-18,-6,-4,-25,-10,-4,-22,0,0,50,61,44,0,71,7,71,74,77,30,35,0,0,0,0,-135,-144,-152,-156,-153,-161,-155,-164,-142,0,0,0,0,0,0,549,0,0,-26,-16,-63,-7,-54,0,-87,-2,-240,-238,-387,-371,-381,-337,-567,0,0,0,0,0,0,0,0,0,0,60,60,60,60,60,60,60,68,1258,1000,1052,633,29954,29957,29979,544,227,0,29980,29981,29978,168,168,168,168,72,80,0,0,0,0,8,8,8,8,8,8,0,0,0,0,0,0,0,0,0,29975,29976,29974,29977,29977,29978,29974,29979,29979,29980,29984,29985]} 1. e4 c5 2. Nf3 d6 3. c3 Nf6 4. Be2 g6 5. O-O Bg7 6. d3 O-O 7. Be3 Nc6 8. Nbd2 e5 9. h3 {The position is equal.} Ne8 10. Nc4 b5 11. Na3 Rb8 12. Nc2 b4 13. d4 bxc3 14. bxc3 exd4 15. cxd4 Nf6 16. Nd2 Re8 17. dxc5 d5 (17... Nxe4 $6 18. Nxe4 Rxe4 19. Bf3 Rxe3 20. Nxe3 $16) (17... dxc5 $11 18. Bxc5 Nh5 (18... Nxe4 19. Nxe4 Bxa1 20. Qxd8 $11)) 18. Bf4 $14 Rb2 19. Rc1 Rxa2 (19... dxe4 20. Nc4 Nd5 21. Bd2 $14) (19... Nxe4 $11 {remains equal.} 20. Nxe4 Rxe4) 20. Bd6 ({White should play} 20. e5 $16 Nd7 (20... Nxe5 21. Bxe5 Rxe5 22. Nb4 $16) 21. Bb5 Ncxe5 (21... Bxe5 22. Bxe5 Ndxe5 23. Nf3 $16) 22. c6) 20... Nxe4 (20... dxe4 $11 21. Bb5 Bd7) 21. Nxe4 $16 dxe4 22. Bb5 (22. Bc4 $1 $16 {[%cal Rc4a2]} Rb2 23. Bxf7+ Kxf7 24. Qd5+ Be6 25. Qxc6) 22... Bd7 $11 23. Bxc6 Bxc6 24. Nb4 $1 {[%csl LRa2,LRc6]} Ba4 {This pair of bishops is nice.} 25. Qg4 (25. Qd5 $11 Rb2 26. c6) 25... Rd2 $17 26. Qf4 Rd4 27. Nc2 Bxc2 28. Rxc2 {[#]} e3 $1 {[%mdl 512]} 29. Qf3 exf2+ (29... Rd2 $17 30. Rcc1 e2) 30. Rcxf2 $11 f5 31. Re2 Rde4 32. Rxe4 fxe4 {[%mdl 8192]} (32... Rxe4 $11 33. Qb3+ Kh8) 33. Qb3+ $2 (33. Qf7+ $18 Kh8 34. Rb1) 33... Kh8 34. Qe3 Qd7 35. Kh1 (35. Qb3 $11) 35... h6 (35... a5 $15) 36. Rd1 (36. Rc1 $11) 36... a5 (36... Kh7 $15) 37. Rd2 (37. Qc1 $1 $11 Qc6 38. Bf4) 37... Qc6 (37... Qb7 $17 {White should prevent ...a4.} 38. Bf4 g5) 38. Qg3 $2 {[#]} (38. Bg3 $11 {and White is okay.}) 38... Kh7 $1 $19 39. Rf2 (39. Qe3 $142) 39... e3 40. Re2 Qe4 41. Bf4 $2 (41. Qg4 Qxg4 42. hxg4) 41... a4 $2 (41... Rf8 $19 42. Bc7 Rf1+ 43. Kh2 Bd4) 42. Rxe3 $11 Qb1+ 43. Kh2 Rxe3 44. Qxe3 {[%mdl 4096] Endgame. KQB-KQB} Qc2 45. Be5 Bxe5+ 46. Qxe5 {KQ-KQ} a3 (46... h5 $11) 47. Qc7+ $14 Kg8 $1 48. Qb8+ Kf7 49. Qa7+ Ke6 50. Qxa3 {Threatens to win with Qa6+.} Kd5 $2 {[%mdl 8192]} (50... Qe4 $14) 51. Qa8+ $18 Kc4 52. Qa6+ Kb4 {[%cal Oc2f5]} 53. Qb6+ Kc4 54. Qd6 (54. c6 $142 Qf5 55. c7 g5 56. Qc6+ (56. Qxh6 Qe5+ 57. Kg1 Qd4+ 58. Kh2 Qf4+ 59. Kh1 Qf1+ 60. Kh2 Qf4+ 61. Kg1 Qe3+ 62. Kf1 Qd3+ 63. Kg1 Qe3+ 64. Kf1 Qc1+ 65. Kf2 Qf4+ 66. Ke2 Qe4+ 67. Kf2 Qd4+ 68. Ke2 Qe4+ 69. Kf2 Qf4+ 70. Kg1 Qd4+ 71. Kf1 Qf4+ 72. Ke2 Qe5+ 73. Kf2 Qd4+ 74. Kf3 Qf4+ 75. Ke2 $11) 56... Kd3 57. c8=Q (57. c8=B Qf4+ 58. g3 Qf2+ 59. Qg2 Qf8 $18) 57... Qe5+ 58. g3 Qe2+ 59. Qg2) 54... Kb5 {[%cal Oc2e4]} 55. Qb6+ $2 (55. Qb8+ $18 Ka4 56. Qa7+ Kb4 57. Qb6+ Ka4 58. c6) 55... Kc4 56. c6 Qf5 57. Qe3 $2 (57. c7 {mates} Qe5+ 58. Kh1 Qf5 59. Qa6+ Kd4 60. c8=Q (60. c8=B Qb1+ 61. Kh2 Qb8+ 62. Kg1 Qb1+ 63. Qf1 Qe4 $18) 60... Qxc8 61. Qxc8 h5 62. Qe8) 57... Kb5 58. c7 (58. Qxh6 Kxc6 (58... Qe5+ 59. Kh1 $11) 59. Qd2 Qe5+ 60. Kg1 Qc5+ 61. Kf1 Qf5+ 62. Ke2 Qf6) 58... Kc6 59. Qc3+ ({Stronger than} 59. Qxh6 Qe5+ 60. g3 Qe2+ 61. Kg1 Qe1+ 62. Kg2 Qe2+ 63. Kg1 Qe1+ 64. Kg2 Qe2+ 65. Kg1 $11) (59. Qc1+ $18 {has better winning chances.} Kb7 60. c8=R (60. Qxh6 Qe5+ 61. g3 Qe2+ 62. Kg1 Qe1+ 63. Kg2 Qe2+ 64. Kg1 Qe1+ 65. Kg2 Qe2+ 66. Kg1 $11) 60... Qxc8 61. Qb1+ (61. Qxh6 Qb8+ 62. Kh1 Qd6 $16) 61... Ka7 62. Qxg6) 59... Kb7 $16 60. Qc4 (60. c8=N $16 Qxc8 61. Qb2+ Kc6 62. Qc2+ Kb7 63. Qxg6 Qc7+ 64. Qg3) 60... Kc8 $11 61. Kg1 h5 62. Qc6 Qb1+ 63. Kh2 {Intending Qd6 and mate.} Qf5 64. Qd6 {Threatening mate with Qd8+.} Kb7 65. h4 Qg4 66. Kg1 Qxh4 67. Qe5 Qc4 68. Qf6 Qxc7 69. Qxg6 Qb6+ $2 {[%mdl 8192]} (69... Qe5 $11) 70. Qxb6+ {White mates.} Kxb6 {[#]} 71. Kh2 $1 Kc5 72. Kh3 Kd4 73. Kh4 Ke5 74. Kxh5 Kf4 75. g4 {What a fight!   Weighted Error Value: White=0.79/Black=0.38.  Loses game:     	White=1     	Black=3      Missed win:     	White=1     	Black=1      Mistake:       	White=10    	Black=8      Inaccurate:     	White=4     	---        OK:         	White=15    	Black=23     Best:        	White=6     	Black=7      Strong:       	White=1     	Black=2} 1-0

[Event "Clash of Blames WCE 2024"]
[Site "London"]
[Date "2024.08.21"]
[Round "25"]
[White "Kramnik, Vladimir"]
[Black "Martinez Alcantara, Jose Eduardo"]
[Result "1-0"]
[WhiteElo "2753"]
[BlackElo "2612"]
[Annotator "TA"]
[PlyCount "65"]
[EventDate "2024.08.25"]
[EventType "match"]
[EventRounds "36"]
[EventCountry "ENG"]
[SourceTitle "playchess.com"]
[Source "ChessBase"]
[SourceQuality "1"]

{[%evp 23,65,57,58,50,39,8,66,50,117,138,133,105,100,122,116,135,120,114,127,127,115,107,205,224,211,200,211,218,220,191,187,179,242,244,317,297,1215,333,542,542,29979,29980,29982,29983]} 1. e4 c5 2. Nf3 d6 3. d4 cxd4 4. Nxd4 Nf6 5. Nc3 a6 6. Be3 Ng4 7. Bg5 h6 8. Bh4 g5 9. Bg3 Bg7 10. Qd2 Nc6 11. Nb3 Be6 12. h4 gxh4 13. Rxh4 Rc8 14. O-O-O h5 (14... Bf6 $1 $11) 15. Kb1 {White is slightly better.} Qc7 {[#]} (15... Bf6 $14) 16. f3 $1 $16 Nf6 17. Nd5 Bxd5 18. exd5 {[%cal Be4d5,Bd5d6,Bd6e7][%mdl 32]} Ne5 19. Bxe5 dxe5 {[#]} 20. Rc4 $1 {White is more active.} Qd8 21. Rxc8 Qxc8 22. d6 {Strongly threatening Qg5.} Qd7 (22... Bf8 $16) 23. Qg5 $18 {[%csl LRe5,LRg7][%cal Ob3c5]} O-O 24. Nc5 $1 $40 {[%mdl 128] Black is in trouble.} (24. Qxe5 $6 Re8 $16) 24... Qc6 25. dxe7 (25. Qxe5 exd6 (25... Nd7 $2 26. Qe4 $18) 26. Qxd6 (26. Rxd6 $2 {perishes.} Qc7 $19) 26... Qxd6 27. Rxd6 Re8 $11) 25... Re8 26. Ne4 Nxe4 27. fxe4 {Hoping for Rd8.} Qf6 {Black is weak on the light squares} (27... Qg6 $142 28. Qxg6 fxg6 29. Bc4+ Kh7) 28. Qxh5 {Threatens to win with Bc4.} Qxe7 29. Bc4 {Intending Rf1 and mate.} Rf8 $2 (29... b5) 30. Rh1 $2 (30. Rf1) 30... Rd8 $2 (30... Rc8 {was called for.}) 31. Rf1 Rf8 32. g4 b5 33. Bd5 {Weighted Error Value: White=0.28 (precise) /Black=0.56.  Mistake:       	White=1     	Black=6      Inaccurate:     	White=1     	Black=1      OK:         	White=4     	Black=5      Best:        	White=4     	Black=2      Strong:       	White=3     	---} 1-0

[Event "Clash of Blames WCE 2024"]
[Site "London"]
[Date "2024.08.21"]
[Round "25"]
[White "Kramnik, Vladimir"]
[Black "Martinez, Jose"]
[Result "1-0"]
[WhiteElo "2676"]
[BlackElo "2691"]
[Annotator "RC"]
[PlyCount "65"]
[EventDate "2024.08.25"]
[EventType "match"]
[EventRounds "36"]
[EventCountry "ENG"]
[SourceTitle "playchess.com"]
[Source "ChessBase"]
[SourceQuality "1"]

1. e4 c5 2. Nf3 d6 3. d4 cxd4 4. Nxd4 Nf6 5. Nc3 a6 6. Be3 Ng4 7. Bg5 h6 8. Bh4 g5 9. Bg3 Bg7 10. Qd2 Nc6 11. Nb3 Be6 12. h4 gxh4 13. Rxh4 Rc8 14. O-O-O h5 15. Kb1 Qc7 16. f3 Nf6 17. Nd5 Bxd5 18. exd5 Ne5 19. Bxe5 dxe5 20. Rc4 Qd8 21. Rxc8 Qxc8 22. d6 Qd7 23. Qg5 O-O 24. Nc5 Qc6 25. dxe7 Re8 26. Ne4 Nxe4 27. fxe4 Qf6 28. Qxh5 Qxe7 29. Bc4 Rf8 30. Rh1 Rd8 31. Rf1 Rf8 32. g4 b5 33. Bd5 1-0

[Event "Clash of Blames WCE 2024"]
[Site "London"]
[Date "2024.08.21"]
[Round "26"]
[White "Martinez Alcantara, Jose Eduardo"]
[Black "Kramnik, Vladimir"]
[Result "0-1"]
[WhiteElo "2612"]
[BlackElo "2753"]
[Annotator "ChessBase"]
[PlyCount "66"]
[EventDate "2024.08.25"]
[EventType "match"]
[EventRounds "36"]
[EventCountry "ENG"]
[SourceTitle "playchess.com"]
[Source "ChessBase"]
[SourceQuality "1"]

1. e4 c5 2. c3 Nf6 3. e5 Nd5 4. Nf3 d6 5. exd6 e6 6. d4 Bxd6 7. Bd3 cxd4 8. cxd4 O-O 9. O-O Nc6 10. Nc3 h6 11. a3 Nce7 12. Qe2 Bd7 13. Qe4 Nf6 14. Qh4 Nf5 15. Qh3 Bc6 16. Bxf5 exf5 17. Qxf5 Re8 18. Ne5 Bxe5 19. dxe5 Qd7 20. Qxd7 Nxd7 21. f4 f6 22. b4 a6 23. exf6 Nxf6 24. Bb2 Ng4 25. Rfe1 Ne3 26. Re2 Nc4 27. Rf2 Rad8 28. Rc1 Rd3 29. h3 Ree3 30. Ba1 Nd2 31. Kh2 Nb3 32. Rb1 Nxa1 33. Nd1 Re1 0-1

[Event "Clash of Blames WCE 2024"]
[Site "London"]
[Date "2024.08.21"]
[Round "27"]
[White "Kramnik, Vladimir"]
[Black "Martinez Alcantara, Jose Eduardo"]
[Result "1-0"]
[WhiteElo "2753"]
[BlackElo "2612"]
[Annotator "TA"]
[PlyCount "107"]
[EventDate "2024.08.25"]
[EventType "match"]
[EventRounds "36"]
[EventCountry "ENG"]
[SourceTitle "playchess.com"]
[Source "ChessBase"]
[SourceQuality "1"]

{[%evp 28,107,120,125,130,136,132,131,126,125,171,107,205,200,214,176,172,157,246,243,337,328,333,284,306,289,406,280,266,-90,-98,-98,-98,-98,-39,-39,-39,-52,-39,-39,-25,-33,-33,-33,-33,-24,0,0,0,-56,-33,-35,0,0,0,-26,-24,-27,-31,-70,-10,-70,0,0,0,-77,-52,-52,-52,-52,-52,-52,-39,-41,0,-55,0,-35,997,990,932,928]} 1. e4 e5 2. Nf3 Nc6 3. Bb5 a6 4. Ba4 Nf6 5. O-O Be7 6. Re1 b5 7. Bb3 d6 8. c3 O-O 9. h3 Be6 10. d4 Bxb3 11. axb3 $1 {11.axb3 scores better than 11.Qxb3.} h6 12. Bd2 $146 {C92: Closed Ruy Lopez: 9...Be6, Karpov and Flohr-Zaitsev Variations.} ({Predecessor:} 12. d5 Nb8 13. Nbd2 c6 14. dxc6 Nxc6 15. Nf1 Re8 16. Ng3 Bf8 17. Nh2 d5 18. exd5 Qxd5 19. Ng4 Qe6 {½-½ Vachier Lagrave,M (2732)-Martinez Alcantara,J (2610) Titled Tuesday intern op 13th Feb Late blitz 2024 (11)}) 12... Qb8 13. d5 Nd8 14. Nh4 Re8 ({Avoid the trap} 14... Nxd5 $2 15. Nf5 $18) 15. Nf5 Bf8 16. Qf3 Nh7 17. Na3 c6 18. c4 Ra7 (18... b4 $16 {keeps fighting.}) 19. Nc2 ({White should try} 19. b4 $18) 19... c5 (19... bxc4 $16 20. bxc4 Qxb2) 20. cxb5 $18 axb5 21. Rxa7 Qxa7 22. Na3 Qb7 (22... Qb6 $16 {was worth a try.} 23. Qd3 Nb7 24. Qxb5 Qxb5 25. Nxb5 Nf6) 23. Qe2 $18 b4 24. Nc4 Qd7 25. Qg4 Nf6 26. Nxh6+ Kh7 (26... Kh8 {was necessary.}) 27. Qxd7 Nxd7 {[#]} 28. Nxf7 $2 (28. Ng4 $1 $18 {[%mdl 512]}) 28... Nxf7 $17 29. Ra1 Nf6 30. f3 Kg8 (30... g5 $17) 31. h4 $15 Nh5 32. Kf2 Be7 33. g3 Nf6 34. Ra7 Kf8 35. g4 Rd8 36. Na5 Rd7 37. Ra8+ Rd8 38. Ra6 (38. Ra7 $11) 38... Rc8 39. Kg3 Nd8 40. Ra7 Ke8 41. h5 Nh7 42. Nc4 Nf7 43. Be3 Rd8 (43... Kf8 $15) 44. Na5 (44. f4 $1 $11) 44... Kf8 ({Black should play} 44... Bf6 $15) 45. Nc6 $11 Re8 46. Rd7 (46. Nxe7 $1 $11 Rxe7 47. Ra8+ Re8 48. Ra6) 46... Bg5 47. Bxg5 Nhxg5 48. Ra7 Rc8 49. Ne7 Rd8 50. Nf5 Rc8 51. Kf2 (51. Ne7 $11 Re8 52. Ng6+ Kg8 53. Kg2 (53. Ne7+ Kh7 $11)) 51... Nh3+ (51... Re8 $15) 52. Ke3 Nf4 $2 {[%mdl 8192]} (52... Re8 $15) 53. Rxf7+ $1 $18 Kxf7 54. Nxd6+ 1-0

[Event "Clash of Blames WCE 2024"]
[Site "London"]
[Date "2024.08.21"]
[Round "28"]
[White "Martinez Alcantara, Jose Eduardo"]
[Black "Kramnik, Vladimir"]
[Result "1/2-1/2"]
[WhiteElo "2612"]
[BlackElo "2753"]
[Annotator "TA"]
[PlyCount "96"]
[EventDate "2024.08.25"]
[EventType "match"]
[EventRounds "36"]
[EventCountry "ENG"]
[SourceTitle "playchess.com"]
[Source "ChessBase"]
[SourceQuality "1"]

{[%evp 15,96,16,38,6,0,-1,-13,-13,44,3,20,22,35,25,62,35,26,30,31,32,33,24,16,17,27,0,9,1,10,7,9,-27,-7,-75,0,0,19,19,11,17,50,51,68,68,74,68,60,52,67,42,55,37,52,-5,-1,-2,-2,-18,0,-8,-4,-6,-8,-8,-8,-8,0,0,0,-124,-70,-119,-100,-255,-125,-124,-99,-144,0,-126,0,-241,0]} 1. e4 c5 2. c3 Nf6 3. e5 Nd5 4. Bc4 Nb6 5. Bb3 c4 6. Bc2 Nc6 7. Nf3 d6 8. exd6 Qxd6 9. Qe2 Qe6 10. b3 Qxe2+ 11. Kxe2 {The position is equal.} Bg4 (11... e5 $11) 12. h3 Bh5 13. Na3 cxb3 14. axb3 Rc8 15. g4 Bg6 16. Bxg6 hxg6 17. d4 e6 18. Nc4 Nd5 19. Bd2 a6 20. Kd3 f6 21. h4 Kf7 22. Rhe1 Be7 {[%cal Bf8e7,Be7d6,Bd6f4][%mdl 32]} 23. Re2 Rhd8 {[%cal Oe6e5]} 24. Ree1 {[#]} (24. Re4 $11 {keeps the balance.}) 24... b5 (24... e5 $1 $17 {[%cal Re5d4]} 25. Na5 (25. dxe5 Ndb4+ 26. Ke2 Nc2 $17) 25... Nxa5 26. Rxa5 Kg8) 25. Na5 $11 Rd7 26. Nxc6 Rxc6 27. Rec1 Bd6 28. c4 bxc4+ 29. bxc4 Nf4+ 30. Bxf4 Bxf4 31. Rc2 Rb7 32. Ke2 Bc7 33. Raa2 Rb4 34. d5 (34. c5 $14) 34... exd5 35. cxd5 Rxc2+ 36. Rxc2 {[%mdl 4096] Endgame. KRB-KRN} Bd6 37. g5 a5 38. Rc6 Ke7 39. Ra6 a4 {[%cal Oa4a3]} 40. Ra7+ Kf8 {[%cal Oa4a3]} 41. Ra6 Ke7 {[%cal Oa4a3]} 42. Kf1 (42. Ra7+ $11 Kd8 43. Nd2) 42... Rf4 (42... a3 $17 {White must now prevent ...Rb2.} 43. Ra7+ (43. Rxa3 $2 {perishes.} Rb1+ 44. Kg2 Bxa3 $19) (43. gxf6+ gxf6 44. Nd2 Rxh4 $17) 43... Kd8) 43. Kg2 (43. Ne1 $15) 43... a3 $17 {...Bc5 is the strong threat.} 44. Ra7+ $2 (44. Ne1 $17 {might work better.}) 44... Kf8 (44... Kd8 $19 {Hoping for ...Kc8.} 45. Ra6 Kc7 46. gxf6 gxf6) 45. Ra8+ {[#]} Kf7 $1 46. Ra7+ Kf8 (46... Ke8 $17 {And now ...Kd8 would win.} 47. Ra6 Kd7) 47. Ra6 (47. Ra8+ $1 $11 Ke7 48. Ne1) 47... Ke7 (47... Bc5 $17 48. Ra5 Bd6) 48. Ra7+ $19 Kf8 $2 {Weighted Error Value: White=0.27 (precise) /Black=0.26 (precise) .  Missed win:     	---       	Black=1      Mistake:       	White=6     	Black=6      Inaccurate:     	White=4     	Black=2      OK:         	White=13    	Black=11     Best:        	White=3     	Black=1      Strong:       	---       	Black=1} (48... Kd8 $19 49. Ra6 Kc7 50. gxf6 gxf6) 1/2-1/2

[Event "Clash of Blames WCE 2024"]
[Site "London"]
[Date "2024.08.21"]
[Round "29"]
[White "Kramnik, Vladimir"]
[Black "Martinez Alcantara, Jose Eduardo"]
[Result "1-0"]
[WhiteElo "2753"]
[BlackElo "2612"]
[Annotator "TA"]
[PlyCount "49"]
[EventDate "2024.08.25"]
[EventType "match"]
[EventRounds "36"]
[EventCountry "ENG"]
[SourceTitle "playchess.com"]
[Source "ChessBase"]
[SourceQuality "1"]

{[%evp 18,49,33,24,25,19,55,42,18,0,100,83,100,79,108,90,112,116,131,133,191,199,195,208,291,234,1280,1138,1650,1570,29976,29978,29991,29992]} 1. e4 e5 2. Nf3 Nc6 3. Bb5 a6 4. Ba4 Nf6 5. O-O Be7 6. Re1 b5 7. Bb3 O-O 8. c3 d6 9. h3 Bb7 10. d4 Nd7 11. a4 exd4 12. cxd4 Na5 {White is slightly better.} 13. Bc2 c5 (13... b4 $11) 14. axb5 $16 axb5 {[%cal Ba6b5,Bb5b4][%mdl 32]} 15. Nc3 b4 16. Nd5 Bxd5 17. exd5 {[%cal Be4d5,Bd5d6][%mdl 32]} Bf6 {[%cal Be7f6,Bf6b2,Bb2g7][%mdl 32] [#]} 18. Bf4 $1 {White has more active pieces.} Nb6 (18... b3 $16) 19. dxc5 $18 dxc5 {[%cal Og7g6] [#]} 20. d6 $1 $40 {[%mdl 128] White has strong attack.} Bxb2 21. Bxh7+ $1 {A strong pair of Bishops.} Kh8 $2 {[#]} (21... Kxh7 22. Ng5+ Kg8) 22. Ng5 $1 g6 {[#] Inhibits Qh5.} (22... Qxg5 23. Bxg5) 23. Re7 $1 Bg7 (23... Qd7 24. Bxg6) 24. Rxf7 Qe8 25. Bxg6 {Weighted Error Value: White=0.02 (flawless) /Black=0.80.  Mistake:       	---       	Black=3      Inaccurate:     	---       	Black=4      OK:         	White=3     	Black=1      Best:        	White=2     	---        Strong:       	White=3     	---} 1-0

[Event "Clash of Blames WCE 2024"]
[Site "London"]
[Date "2024.08.21"]
[Round "29"]
[White "Kramnik, Vladimir"]
[Black "Martinez, Jose"]
[Result "1-0"]
[WhiteElo "2676"]
[BlackElo "2691"]
[Annotator "RC"]
[PlyCount "49"]
[EventDate "2024.08.25"]
[EventType "match"]
[EventRounds "36"]
[EventCountry "ENG"]
[SourceTitle "playchess.com"]
[Source "ChessBase"]
[SourceQuality "1"]

1. e4 e5 2. Nf3 Nc6 3. Bb5 a6 4. Ba4 Nf6 5. O-O Be7 6. Re1 b5 7. Bb3 O-O 8. c3 d6 9. h3 Bb7 10. d4 Nd7 11. a4 exd4 12. cxd4 Na5 13. Bc2 c5 14. axb5 axb5 15. Nc3 b4 16. Nd5 Bxd5 17. exd5 Bf6 18. Bf4 Nb6 19. dxc5 dxc5 20. d6 Bxb2 21. Bxh7+ Kh8 22. Ng5 g6 23. Re7 Bg7 24. Rxf7 Qe8 25. Bxg6 1-0

[Event "Clash of Blames WCE 2024"]
[Site "London"]
[Date "2024.08.21"]
[Round "30"]
[White "Martinez Alcantara, Jose Eduardo"]
[Black "Kramnik, Vladimir"]
[Result "1-0"]
[WhiteElo "2612"]
[BlackElo "2753"]
[Annotator "TA"]
[PlyCount "121"]
[EventDate "2024.08.25"]
[EventType "match"]
[EventRounds "36"]
[EventCountry "ENG"]
[SourceTitle "playchess.com"]
[Source "ChessBase"]
[SourceQuality "1"]

{[%evp 46,121,372,327,303,217,216,157,166,137,136,150,143,58,65,4,20,8,6,13,27,17,15,18,14,16,126,133,125,133,124,74,224,214,627,617,626,624,629,628,700,554,547,553,541,489,496,483,483,483,490,459,555,537,562,554,590,591,903,897,857,802,658,752,752,752,752,752,1384,1244,29958,29959,29968,29969,29966,5065,29981,29982]} 1. e4 c5 2. c3 Nf6 3. e5 Nd5 4. Bc4 Nb6 5. Bb3 c4 6. Bc2 {B22: Sicilian: 2 c3.} d6 7. exd6 Qxd6 8. Nf3 {8.Na3 is more advanced technology.} Qe6+ 9. Qe2 Qxe2+ 10. Kxe2 Nc6 11. b3 Bg4 12. Na3 cxb3 13. axb3 Rc8 14. h3 Bh5 15. Nc4 $146 ({Predecessor:} 15. d4 e6 16. g4 Bg6 17. Bxg6 hxg6 18. Nc4 Nd5 19. Bd2 Be7 20. g5 f6 21. h4 {1-0 Stelmaszyk,N (2311)-Hoffmann,A (2403) Oberliga Nord W 2122 2021 (2.1)}) 15... Nd5 16. Be4 e6 17. Ne3 Nf4+ 18. Kf1 a6 19. d4 f5 20. Nxf5 exf5 21. Bxf5 Nxg2 22. Kxg2 Rc7 23. Bg4 Bf7 (23... Bxg4 $142 24. hxg4) 24. Bf4 Re7 25. Rhe1 Bxb3 26. Ne5 Bd5+ 27. Kh2 Nxe5 28. Bxe5 ({Much less strong is} 28. dxe5 g6 $16) 28... h5 {[#]} 29. Bf5 (29. Be2 $1 $16) 29... Rh6 $14 30. h4 (30. Ra5 $14 b5 31. Bc8) 30... Kf7 31. Rg1 Rc6 32. Rg3 g6 33. Bd3 Bh6 34. f4 Ree6 35. Rf1 Re7 (35... Bg7 $11) 36. f5 $16 gxf5 37. Rxf5+ Ke8 {[#]} 38. Rxh5 ({White should try} 38. Be2 $1) 38... Bf8 (38... Bf7 $16 39. Rf5 Bg6) 39. Rh8 Rf7 $2 (39... Rh6 40. Rxh6 (40. Bg6+ Bf7 $16) 40... Bxh6) 40. Bg6 $18 Rxg6 41. Rxg6 Rf2+ 42. Kg1 Rf3 43. Rg3 Rxg3+ 44. Bxg3 Kf7 45. Rh7+ Kg6 46. Rd7 Bc6 47. Rd8 Be7 48. Ra8 Kf5 49. c4 Be4 50. Re8 Bf6 51. d5 b5 52. cxb5 axb5 53. d6 Bc6 54. Rc8 Bd7 55. Rc7 Ke6 56. h5 b4 57. Rb7 Bc3 58. h6 Bc6 59. Re7+ Kf6 60. Rc7 (60. h7 $142 Kg6 61. Be1 Bd4+ 62. Bf2 Bh8 63. Rc7 Ba4 64. Ra7 Bc6 65. Ra6 (65. Rc7 Ba4 $18)) 60... Bd4+ 61. Bf2 1-0